Gaming Quiz

Random Gaming Quiz

The Longest Journey Saga Characters Quiz Stats

 Plays Quiz not verified by Sporcle

Score 0/101 Timer 20:00
0 Plays Today
% Correct
Lady Alvane
100%
April Ryan
92.3%
White of the Draic Kin
85.9%
Cortez, Red of the Draic Kin
82.1%
Charlie
79.5%
Emma de Vrijer
78.2%
Crow
71.8%
Brian Westhouse
70.5%
Fiona
65.4%
Zoë Maya Castillo
64.1%
Kian Alvane
61.5%
Marcus Crozier
61.5%
Wonkers
61.5%
Theoretically Blind Bob, Bob-Who-Can-See, The General
60.3%
Reza Temiz
60.3%
Tobias Grensret
60.3%
White of the Draic Kin
60.3%
Abnaxus
59%
Shitbot
59%
Saga
59%
Mickey
59%
Roper Klacks
59%
Benrime Salmin
57.7%
Faith
57.7%
Gribbler
56.4%
Ben-Bandu (Bandu-umanu-banta-au-rubana-biutan-binaort)
55.1%
Burns Flipper
55.1%
The Prophet
55.1%
Na'ane
53.8%
Helena Chang
53.8%
Nela Vlček
52.6%
Anna
51.3%
Lux
51.3%
Gabriel Castillo
51.3%
% Correct
Olivia DeMarco
51.3%
Bip
50%
Blue of the Draic Kin
50%
Kidbot
50%
Jacob McAllen, Green of the Draic Kin
50%
Father Raul
50%
Zack Lee
50%
Vagabond
48.7%
Damien Cavanaugh
48.7%
Freddie Mellon
48.7%
Queenie (Rose)
48.7%
Frank Minnelli
47.4%
Enu-Mar Sand'ya
47.4%
Bandu-Ma-Seri, the Mole
47.4%
Brynn
46.2%
Süleyman Sadik
46.2%
Shepherd
44.9%
Ragnar Tørnquist
44.9%
Alvin Peats
43.6%
Commander Vamon
43.6%
Wit
43.6%
Gordon Halloway, the 13th Guardian
43.6%
Minstrum Magda
43.6%
Horatio Nebevay
43.6%
Likho
42.3%
Chawan
42.3%
Baruti Maphane
41%
Mira
41%
Baeb-Ayae-Gh'aa
39.7%
Etta
39.7%
Jama Mbaye
39.7%
Warren Hughes
39.7%
Magnus
38.5%
Crazy Clara
38.5%
% Correct
Karek Kreshar
38.5%
Mr. London
38.5%
Sister Sahya
38.5%
Tun Luiec
38.5%
Mother Utana
38.5%
Adrian
37.2%
Lucia
35.9%
Minstrum Yerin
35.9%
Bandu-Uta (Bandu-uta-matuta-uiaten-aiama-binaort)
33.3%
General Hami
33.3%
Q'aman
33.3%
Doctor Roman Zelenka
33.3%
Wick
33.3%
Woody
33.3%
Abby
32.1%
Balsay Bachim
30.8%
Willow
30.8%
Ferdows
28.2%
Onor Hileriss
28.2%
Adala bint Khalid
26.9%
Arn Stont
25.6%
Falk Friedman
25.6%
Rio Kuroki
25.6%
Samantha Gilmore
25.6%
Umber Iantos
25.6%
Hanna Roth
23.1%
Ulvic
23.1%
Vinnie
23.1%
Sister Alessandra
23.1%
Lorhan
21.8%
Warden Murron
21.8%
Jakai Salmin
20.5%
Isaam
11.5%

You're not logged in!

Compare scores with friends on all Sporcle quizzes.
OR
Log In

Show Comments

Extras

Created Aug 3, 2016ReportNominate
Tags:chapter, character, journey, longest, saga

Top Quizzes Today


Score Distribution

Your Account Isn't Verified!

In order to create a playlist on Sporcle, you need to verify the email address you used during registration. Go to your Sporcle Settings to finish the process.

Report this User

Report this user for behavior that violates our Community Guidelines.

Details: